000 00734cab a2200241 4500
001 WB3234-10
008 090401t1996 xxu||||| |||| 00| 0 eng d
035 _a(Sirsi) u54787
041 _aeng
245 _aNew code for fast property sales
260 _c1996
350 _a0
490 _aEstates Gazette
_v(9636) 7 September 1996, 49(1)
520 _aRICS and other organisations are suspporting a code of practice designed to speed up property sales.
650 _aABOUT RICS-RELATED ORGANISATIONS-INVESTMENT PROPERTY FORUM
650 _aPROPERTY SALES
650 _aPROPERTY TRANSACTIONS
650 _aRICS
650 _aSTREAMLINING
690 _aPROPERTY-COMMERCIAL PROPERTY
942 _n0
948 _c04/03/1997
999 _c33578
_d33578